| 000 | 00614nam a22002297a 4500 | ||
|---|---|---|---|
| 999 |
_c3985 _d3985 |
||
| 003 | OSt | ||
| 005 | 20210420112200.0 | ||
| 008 | 160511b xxu||||| |||| 00| 0 eng d | ||
| 020 | _a 9780706999303 | ||
| 020 | _a0706999304 | ||
| 040 | _c040a | ||
| 082 | _a581 BIL 1998 | ||
| 100 |
_aBilgrami, K. S.; Srivastava, L. M.; Shreemali, S. L. _98713 |
||
| 245 | _aFundamentals of Botany | ||
| 250 | _a2nd.rev.ed | ||
| 260 |
_aNew Delhi _bVikas publidhing house _c1998 |
||
| 300 |
_aii, 706p; _bill : _c12 cm |
||
| 504 | _aIncludes index | ||
| 650 |
_aBontany _98568 |
||
| 650 |
_aPlant _913054 |
||
| 942 |
_2ddc _cSLOAN |
||